Top 5 participação gols Atlético-MG por temporada - Statistics

Estatísticas Gerais
  • Esse quiz foi jogado 154 vezes
    12 desde o último reset
  • A pontuação média é 29 de 51
Estatísticas das Respostas
Ano Jogador % Correto
2009 Diego Tardelli
100%
2021 Hulk
100%
2012 Ronaldinho / Ronaldinho Gaúcho
100%
2016 Cazares
91%
2012
91%
2017 Otero
91%
2023 Paulinho
91%
2012 Bernard
82%
2020 Eduardo Sasha
82%
2020 Guilherme Arana
82%
2020 Keno
82%
2018 Ricardo Oliveira
82%
2016 Fred
73%
2014 Guilherme
73%
2024 Gustavo Scarpa
73%
2013 Luan
73%
2015 Lucas Pratto
73%
2021 Nacho
73%
2023 Pavon
73%
2016 Robinho
73%
2014 Dátolo
64%
2021 Eduardo Vargas
64%
2020 Hyoran
64%
2010 Obina
64%
2020 Savarino
64%
2021 Zaracho
64%
2019 Chará
55%
2023 Igor Gomes
55%
2009 Marcos Rocha
55%
2012 Danilinho
45%
2025 Dudu
45%
2018 Elias
45%
2011 Magno Alves / Magnata
45%
2010 Renan Oliveira
45%
2018 Roger Guedes
45%
2022 Ademir
36%
2011 André / André Balada / André Bebezão
36%
2009 Éder Luís
36%
2015 Giovanni Augusto
36%
2009 Júnior
36%
2017 Rafael Moura
36%
2010 Ricardinho
36%
2025 Rony
36%
2019 Alerrandro
27%
2011 Daniel Carvalho
27%
2010 Muriqui
27%
2011 Neto Berola
27%
2016 Patric
27%
2025 Cuello
18%
2015 Thiago Ribeiro
18%
2009 Carlos Alberto
9%
Nenhum quiz correspondente encontrado
Distribuição das Pontuações
Porcentagem de Pessoas com Cada Pontuação
Percentil de Números Respondidos
Sua Pontuação Histórica
Você não jogou esse quiz desde o último reset